000 00294nam a2200121 i 4500
001 bg
245 0 _aOptimum Structural Design /
_ced. by Gallagher, Zienkiewicz.
260 _aChiechester,
_c1977.
040 _cBPK
041 _apol
942 _cKS
008 s pl f |000 0 pol
999 _c17863
_d17863
856 _uhttp://koha.tu.koszalin.pl/cgi-bin/koha/opac-detail.pl?biblionumber=17863
_yKatalog online BPK